[Event "CRO-chT U20 26th"]
[Site "Sv Filip i Jakov"]
[Date "2018.04.07"]
[Round "9.12"]
[White "Hajpek, Egon"]
[Black "Fiskus, Eva"]
[Result "1-0"]
[WhiteElo "1538"]
[BlackElo "1294"]
[PlyCount "69"]
[EventDate "2018.04.03"]
[EventType "team-swiss"]
[EventRounds "11"]
[EventCountry "CRO"]
[SourceTitle "CBM 184 Extra"]
[Source "ChessBase"]
[SourceDate "2018.06.28"]
[SourceVersion "1"]
[SourceVersionDate "2018.06.28"]
[SourceQuality "1"]

1. e4 e5 2. Nf3 Nc6 3. Bb5 d6 4. 0-0 Nf6 5. d4 exd4 6. Nxd4 Bd7 7. Nxc6 Bxc6 8. Bxc6+ bxc6 9. Nc3 d5 10. Bg5 dxe4 11. Qe2 Be7 12. Nxe4 0-0 13. Nxf6+ Bxf6 14. Rad1 Qe8 15. Qg4 Bxb2 16. Rb1 f5 17. Qc4+ Kh8 18. Rxb2 Qe5 19. Rfb1 f4 20. Qxc6 Rae8 21. Qb5 c5 22. h4 h6 23. Bxh6 gxh6 24. Qd3 Qe6 25. Rb7 Re7 26. Qc3+ Kg8 27. Qxc5 Rg7 28. Rxg7+ Kxg7 29. Qxa7+ Kg8 30. Rb8 Qf7 31. Qxf7+ Kxf7 32. Rxf8+ Kxf8 33. Kh2 h5 34. g3 f3 35. g4 1-0

[Event "CRO-chT U20 26th"]
[Site "Sv Filip i Jakov"]
[Date "2018.04.06"]
[Round "7.7"]
[White "Markovic, Franjo Josip"]
[Black "Hajpek, Egon"]
[Result "1-0"]
[WhiteElo "2034"]
[BlackElo "1538"]
[PlyCount "73"]
[EventDate "2018.04.03"]
[EventType "team-swiss"]
[EventRounds "11"]
[EventCountry "CRO"]
[SourceTitle "CBM 184 Extra"]
[Source "ChessBase"]
[SourceDate "2018.06.28"]
[SourceVersion "1"]
[SourceVersionDate "2018.06.28"]
[SourceQuality "1"]

1. d4 Nf6 2. c4 g6 3. Nf3 Bg7 4. g3 d6 5. Bg2 0-0 6. 0-0 Nc6 7. Nc3 a6 8. d5 Na5 9. b3 c5 10. Bb2 Bd7 11. Nd2 b5 12. Qc2 Rb8 13. Rab1 e6 14. Nd1 exd5 15. cxd5 Qc7 16. e4 Nh5 17. Ne3 Bxb2 18. Rxb2 Ng7 19. f4 f5 20. exf5 Bxf5 21. Qc3 b4 22. Qc1 Rfe8 23. Re1 Qb6 24. Ndc4 Nxc4 25. Nxc4 Qc7 26. Rd2 Re7 27. Rxe7 Qxe7 28. Kf2 Re8 29. Bf3 Qf6 30. Qb2 Qf8 31. a3 Be4 32. axb4 cxb4 33. Qd4 Nf5 34. Qa7 Qh6 35. h4 Nxh4 36. Qd7 Kf8 37. Nxd6 1-0

[Event "CRO-chT U20 26th"]
[Site "Sv Filip i Jakov"]
[Date "2018.04.06"]
[Round "8.20"]
[White "Vucenovic, Damian"]
[Black "Hajpek, Egon"]
[Result "0-1"]
[WhiteElo "1666"]
[BlackElo "1538"]
[PlyCount "52"]
[EventDate "2018.04.03"]
[EventType "team-swiss"]
[EventRounds "11"]
[EventCountry "CRO"]
[SourceTitle "CBM 184 Extra"]
[Source "ChessBase"]
[SourceDate "2018.06.28"]
[SourceVersion "1"]
[SourceVersionDate "2018.06.28"]
[SourceQuality "1"]

1. e4 e5 2. Nf3 Nc6 3. Bc4 Bc5 4. c3 Nf6 5. d3 d6 6. Nbd2 a6 7. Bb3 h6 8. 0-0 g5 9. Nc4 Bg4 10. Ne3 Qd7 11. Nxg4 Qxg4 12. d4 Bb6 13. Bd5 0-0-0 14. Bxc6 bxc6 15. Qa4 Kb7 16. dxe5 Nxe4 17. h3 Qf5 18. exd6 Rxd6 19. Be3 g4 20. hxg4 Qxg4 21. Nh2 Qg6 22. Nf3 Rg8 23. Ne1 Bxe3 24. fxe3 Rd2 25. Rf3 Rxg2+ 26. Kf1 Nd2# 0-1

[Event "CRO-chT U20 26th"]
[Site "Sv Filip i Jakov"]
[Date "2018.04.05"]
[Round "5.3"]
[White "Hajpek, Egon"]
[Black "Kanizaj, Benjamin"]
[Result "0-1"]
[WhiteElo "1538"]
[BlackElo "1940"]
[PlyCount "69"]
[EventDate "2018.04.03"]
[EventType "team-swiss"]
[EventRounds "11"]
[EventCountry "CRO"]
[SourceTitle "CBM 184 Extra"]
[Source "ChessBase"]
[SourceDate "2018.06.28"]
[SourceVersion "1"]
[SourceVersionDate "2018.06.28"]
[SourceQuality "1"]

1. e4 c5 2. Nf3 d6 3. d4 cxd4 4. Nxd4 Nf6 5. Nc3 e6 6. Be3 Nc6 7. f3 Be7 8. Qd2 0-0 9. 0-0-0 a6 10. g4 Qc7 11. h4 b5 12. h5 Nxd4 13. Qxd4 b4 14. Na4 Bb7 15. Bg2 d5 16. Nb6 Rad8 17. e5 Nd7 18. Nxd7 Rxd7 19. g5 Rc8 20. Qd2 d4 21. Kb1 dxe3 22. Qxd7 Qxc2+ 23. Ka1 e2 24. Rb1 Bd5 25. Rhe1 Qc4 26. Qa4 Bxg5 27. f4 Bh4 28. Bxd5 exd5 29. e6 fxe6 30. Qd7 Bxe1 31. h6 Bc3 32. Qxe6+ Kh8 33. bxc3 Qxc3+ 34. Rb2 e1Q+ 35. Qxe1 0-1

[Event "CRO-chT U20 26th"]
[Site "Sv Filip i Jakov"]
[Date "2018.04.04"]
[Round "3.7"]
[White "Hajpek, Egon"]
[Black "Batory, Lucija"]
[Result "1-0"]
[WhiteElo "1538"]
[BlackElo "1692"]
[PlyCount "59"]
[EventDate "2018.04.03"]
[EventType "team-swiss"]
[EventRounds "11"]
[EventCountry "CRO"]
[SourceTitle "CBM 184 Extra"]
[Source "ChessBase"]
[SourceDate "2018.06.28"]
[SourceVersion "1"]
[SourceVersionDate "2018.06.28"]
[SourceQuality "1"]

1. e4 c5 2. Nf3 Nc6 3. d4 cxd4 4. Nxd4 g6 5. Nc3 Bg7 6. Be3 Nf6 7. f3 0-0 8. Qd2 d5 9. 0-0-0 Nxd4 10. Bxd4 dxe4 11. Qe3 Qa5 12. fxe4 Ng4 13. Qg3 Bxd4 14. Rxd4 Be6 15. Bc4 Qb6 16. Bxe6 Qxe6 17. Rhd1 Ne5 18. Kb1 Rac8 19. Nd5 Nc6 20. R4d3 Qxe4 21. Re1 Qc4 22. Rxe7 Rcd8 23. Nf6+ Kg7 24. Re4 Rxd3 25. cxd3 Qc5 26. Ne8+ Kg8 27. Qh4 Qg1+ 28. Kc2 Qxg2+ 29. Kc3 Qf1 30. Qh6 1-0

[Event "CRO-chT U16"]
[Site "Nasice"]
[Date "2017.12.29"]
[Round "5"]
[White "Hajpek, Egon"]
[Black "Baric, Marko"]
[Result "0-1"]
[WhiteElo "1505"]
[BlackElo "1596"]
[PlyCount "74"]
[EventDate "2017.12.27"]
[EventType "team-tourn"]
[EventRounds "7"]
[EventCountry "CRO"]
[SourceTitle "EXT 2019"]
[Source "ChessBase"]
[SourceDate "2018.10.10"]
[SourceVersion "1"]
[SourceVersionDate "2018.10.10"]
[SourceQuality "1"]

1. d4 d5 2. Nf3 Nf6 3. Bf4 e6 4. e3 Bd6 5. Bg3 0-0 6. c3 b6 7. Bd3 Bb7 8. Nbd2 c5 9. Ne5 Nc6 10. f4 Rc8 11. Bh4 cxd4 12. exd4 Be7 13. g3 Nd7 14. Qh5 h6 15. Ng6 fxg6 16. Qxg6 Bxh4 17. Qh7+ Kf7 18. Qg6+ Kg8 19. Qh7+ Kf7 20. Qg6+ Ke7 21. gxh4 Kd6 22. f5 Qxh4+ 23. Ke2 Qf6 24. Qg3+ e5 25. Rae1 Kc7 26. Kd1 Rce8 27. Rhg1 Rg8 28. Re2 Kc8 29. Rge1 e4 30. Bxe4 dxe4 31. Nxe4 Rxe4 32. Rxe4 Qxf5 33. Qd6 Qf6 34. Re6 Qf8 35. Qd5 Na5 36. Qb5 a6 37. Qh5 Bf3+ 0-1

[Event "CRO-ch U13"]
[Site "Trogir"]
[Date "2016.06.25"]
[Round "8"]
[White "Lesic, Kresimir"]
[Black "Hajpek, Egon"]
[Result "0-1"]
[WhiteElo "1464"]
[BlackElo "1437"]
[PlyCount "68"]
[EventDate "2016.06.21"]
[EventType "swiss"]
[EventRounds "9"]
[EventCountry "CRO"]
[SourceTitle "EXT 2017"]
[Source "ChessBase"]
[SourceDate "2016.10.25"]
[SourceVersion "1"]
[SourceVersionDate "2016.10.25"]
[SourceQuality "1"]

1. e4 e5 2. Nf3 Nc6 3. Bc4 Bc5 4. d3 Nf6 5. c3 d6 6. h3 a6 7. Bb3 Ba7 8. Nbd2 0-0 9. Nf1 Ne7 10. Ng3 Ng6 11. 0-0 h6 12. d4 exd4 13. cxd4 Re8 14. Re1 Be6 15. Bxe6 Rxe6 16. Qd3 Qd7 17. Nf5 Rae8 18. Qb3 Rxe4 19. Rxe4 Nxe4 20. Qxb7 Qxf5 21. Qxa7 Nh4 22. Nxh4 Qxf2+ 23. Kh2 Qg3+ 24. Kg1 Qf2+ 25. Kh2 Qxh4 26. Qxa6 Qg3+ 27. Kg1 Nf2 28. Bd2 Nxh3+ 29. Kh1 Nf2+ 30. Kg1 Ng4 31. Be3 Qh2+ 32. Kf1 Nxe3+ 33. Ke2 Qxg2+ 34. Kd3 Qc2# 0-1

[Event "CRO-ch U13"]
[Site "Trogir"]
[Date "2016.06.24"]
[Round "6"]
[White "Hajpek, Egon"]
[Black "Ljubicic, Mario"]
[Result "1-0"]
[WhiteElo "1437"]
[BlackElo "1636"]
[PlyCount "57"]
[EventDate "2016.06.21"]
[EventType "swiss"]
[EventRounds "9"]
[EventCountry "CRO"]
[SourceTitle "EXT 2017"]
[Source "ChessBase"]
[SourceDate "2016.10.25"]
[SourceVersion "1"]
[SourceVersionDate "2016.10.25"]
[SourceQuality "1"]

1. e4 e5 2. Nf3 Nc6 3. Bc4 Nf6 4. d3 Bc5 5. c3 0-0 6. 0-0 Bb6 7. Nbd2 d6 8. Bb3 Bg4 9. h3 Bh5 10. Re1 Re8 11. Nf1 h6 12. Ng3 Bg6 13. Nh2 d5 14. Qf3 dxe4 15. dxe4 Ba5 16. Rd1 Qe7 17. Ng4 Nxg4 18. hxg4 Rad8 19. Rf1 Bb6 20. Nf5 Bxf5 21. Qxf5 Rd6 22. g5 hxg5 23. Bxg5 Qd7 24. Qf3 Na5 25. Bc2 Rg6 26. Qh5 Nc4 27. Rad1 Qc6 28. Rd3 Qxe4 29. Rh3 1-0

[Event "CRO-ch U13"]
[Site "Trogir"]
[Date "2016.06.22"]
[Round "3"]
[White "Hajpek, Egon"]
[Black "Kakuk, Tibor"]
[Result "1-0"]
[WhiteElo "1437"]
[BlackElo "1650"]
[PlyCount "61"]
[EventDate "2016.06.21"]
[EventType "swiss"]
[EventRounds "9"]
[EventCountry "CRO"]
[SourceTitle "EXT 2017"]
[Source "ChessBase"]
[SourceDate "2016.10.25"]
[SourceVersion "1"]
[SourceVersionDate "2016.10.25"]
[SourceQuality "1"]

1. e4 e5 2. Nf3 Nc6 3. Bc4 Bc5 4. c3 Nf6 5. d3 a6 6. 0-0 d6 7. Bb3 Ba7 8. Nbd2 0-0 9. h3 Ne7 10. Re1 Ng6 11. Nf1 h6 12. Ng3 c6 13. d4 Qc7 14. Be3 Re8 15. Qd3 Nh7 16. Qd2 Bb8 17. Nh5 Kh8 18. Bxh6 gxh6 19. Qxh6 Rg8 20. Nf6 Ngf8 21. Nxg8 Kxg8 22. Ng5 Nxg5 23. Qxg5+ Kh7 24. Qf6 Be6 25. Bxe6 Nxe6 26. Re3 Kg8 27. Qh6 Nf4 28. Rg3+ Ng6 29. h4 exd4 30. h5 Qe7 31. hxg6 1-0